[Event "World Blitz 2018"]
[Site "St Petersburg RUS"]
[Date "2018.12.30"]
[Round "21.60"]
[White "Antipov, Mikhail Al."]
[Black "Zubritskiy, Artyom"]
[Result "0-1"]
[WhiteTitle "GM"]
[BlackTitle "IM"]
[WhiteElo "2589"]
[BlackElo "2442"]
[WhiteFideId "4107012"]
[BlackFideId "4181247"]
[EventDate "2018.12.29"]
[EventType "blitz"]

1. e4 c5 2. Nf3 d6 3. Bb5+ Nd7 4. Ba4 a6 5. c4 Nf6 6. O-O g6 7. Nc3 Bg7 8. Rb1
O-O 9. b4 Qc7 10. d3 cxb4 11. Rxb4 b5 12. Bb3 Bb7 13. Bd2 Nc5 14. cxb5 Nxd3 15.
Rc4 Qd8 16. Qe2 Nc5 17. e5 Nfd7 18. exd6 exd6 19. Bc2 Bxf3 20. Qxf3 Ne5 21. Qd5
Nxc4 22. Qxc4 axb5 23. Nxb5 d5 24. Qxc5 Rc8 25. Qb4 Rxc2 26. a4 Rb2 27. Qf4 Qb8
28. Qe3 Qa8 29. Bc3 Rb3 30. Qd2 Qxa4 31. Bxg7 Kxg7 32. Nc7 d4 33. Qg5 Qd7 34.
Nd5 f6 0-1

[Event "World Blitz 2018"]
[Site "St Petersburg RUS"]
[Date "2018.12.30"]
[Round "21.61"]
[White "Seliverstov, Vladimir"]
[Black "Shaposhnikov, Evgeny"]
[Result "0-1"]
[WhiteTitle "IM"]
[BlackTitle "GM"]
[WhiteElo "2462"]
[BlackElo "2576"]
[WhiteFideId "4192036"]
[BlackFideId "4122232"]
[EventDate "2018.12.29"]
[EventType "blitz"]

1. d4 Nf6 2. c4 e6 3. g3 d5 4. Bg2 Bb4+ 5. Nd2 O-O 6. Qc2 b6 7. Nf3 Bb7 8. O-O
a5 9. cxd5 exd5 10. Ne5 Bd6 11. Ndf3 Na6 12. Bg5 Re8 13. a3 h6 14. Nc6 Bxc6 15.
Bxf6 Qd7 16. Ne5 Bxe5 17. Bxe5 Ba4 18. b3 Bc6 19. Rac1 Bb7 20. Rfd1 Qe6 21. Bf3
Rac8 22. Bf4 c5 23. Qd2 Red8 24. Be3 Qe7 25. dxc5 Nxc5 26. Qb2 Qe6 27. b4 axb4
28. axb4 Ne4 29. Qd4 b5 30. Qa7 Bc6 31. Qb6 Be8 32. Rxc8 Rxc8 33. Qb7 Nc3 34.
Rc1 Rc4 35. Kg2 Bc6 36. Qb8+ Kh7 37. Ra1 d4 38. Bf4 Nxe2 39. Bxc6 Qxc6+ 40. Kh3
Qe6+ 41. Kg2 Qe4+ 42. f3 Nxf4+ 43. gxf4 Rc2+ 44. Kg3 Qg6+ 0-1

[Event "World Blitz 2018"]
[Site "St Petersburg RUS"]
[Date "2018.12.30"]
[Round "21.93"]
[White "Zaitsev, Alexander"]
[Black "Perdomo, Carlos Andres"]
[Result "0-1"]
[WhiteTitle "GM"]
[BlackTitle "IM"]
[WhiteElo "2473"]
[BlackElo "2301"]
[WhiteFideId "4164490"]
[BlackFideId "4400852"]
[EventDate "2018.12.29"]
[EventType "blitz"]

1. e4 c5 2. Nf3 e6 3. g3 b6 4. Bg2 Bb7 5. Qe2 d6 6. O-O Nf6 7. Nc3 Be7 8. d4 a6
9. e5 dxe5 10. dxe5 Nd5 11. Nxd5 Bxd5 12. Rd1 Qc7 13. c4 Bc6 14. Bg5 Bxg5 15.
Nxg5 Bxg2 16. Kxg2 h6 17. Ne4 O-O 18. Nd6 Nc6 19. f4 Rad8 20. Qe4 Nd4 21. Rd3 f6
22. Rad1 fxe5 23. fxe5 b5 24. cxb5 Nxb5 25. Nxb5 axb5 26. Rd6 c4 27. a3 Rde8 28.
Rd7 Qc5 29. R1d2 Re7 30. Rxe7 Qxe7 31. Rd6 Qf7 32. Qe2 Qf5 33. Rd7 Rb8 34. h4 b4
35. axb4 Rxb4 36. Rd8+ Kh7 37. h5 Rb3 38. Rd4 Rb4 39. Kh2 Rb5 40. Re4 Rd5 41. g4
Qg5 42. Qf3 Rd3 43. Qe2 Rd2 0-1